000 00600nam a22002171a 4500
001 10661
003 OSt
005 20260204212207.0
008 100129s2005||||ck ||||||b||||||||||spa||
020 _a958648453X
050 _a330.4 c279I
100 _aCastaño Tamayo, Ramón Abel
245 _aIdeas económicas mínimas / Ramón Abel Castaño Tamayo
250 _a21
264 _aEspaña : Ecoe
300 _a456 p
490 _a(Colección texto universitario) (Área administración económicas)
500 _aIncluye bibliografía
650 _aSistema EconómicoÌ
942 _2ddc
_cBK
999 _c10661
_d10661